Statistics for Minecraft Mobs

Click here to take the quiz!

General Stats

  • This quiz has been taken 40,463 times
    (15,187 since last reset)
  • The average score is 43 of 67

Answer Stats

TypeMob% Correct
HostileZombie
96%
NeutralPiglin
96%
PassiveCow
96%
PassivePig
96%
BossEnder Dragon
94%
HostileSkeleton
93%
TameableWolf
93%
NeutralSpider
92%
Hostile{Spider} Jockey
92%
Utility{Iron} Golem
91%
PassiveChicken
90%
Hostile{Chicken} Jockey
90%
PassiveSheep
89%
TameableHorse
88%
TameableCat
87%
HostileCreeper
87%
NeutralEnderman
87%
BossWither
85%
PassiveVillager
84%
Utility{Snow} Golem
78%
NeutralZombified Piglin
70%
PassiveOcelot
70%
HostileGhast
69%
PassiveSalmon
69%
HostileBlaze
68%
TameableParrot
68%
TameableDonkey
67%
HostileWither Skeleton
65%
NeutralDolphin
61%
HostileSlime
61%
HostileSilverfish
60%
TameableLlama
60%
PassiveSquid
60%
HostileWitch
59%
PassiveRabbit
58%
PassiveBat
58%
PassiveCod
58%
NeutralCave Spider
58%
HostilePillager
58%
NeutralPolar Bear
57%
NeutralBee
56%
HostileMagma Cube
56%
HostileGuardian
55%
HostileDrowned
54%
NeutralPufferfish
54%
NeutralPanda
53%
PassiveFox
53%
TameableMule
51%
PassiveTropical Fish
51%
HostileZombie Villager
49%
HostileShulker
49%
PassiveTurtle
48%
HostileEndermite
48%
Hostile / BossElder Guardian
47%
HostilePhantom
47%
HostileHusk
46%
HostileHoglin
45%
PassiveMooshroom
44%
PassiveStrider
39%
HostileVex
39%
HostileSkeleton Horse
39%
HostileRavager
38%
HostileEvoker
38%
PassiveWandering Trader
38%
HostileVindicator
38%
HostileStray
35%
HostileZoglin
24%

Score Distribution

Percentile by Number Answered

Percent of People with Each Score

Your Score History

You have not taken this quiz since the last reset